LEADER 00959nam0-2200313 --450 001 9910231136503321 005 20171220162901.0 010 $a978-88-575-2886-1 100 $a20171220d2015----kmuy0itay5050 ba 101 0 $aita 102 $aIT 105 $aa 001yy 200 1 $aRequiescere noctem$eforme e linguaggi dell'ospitalità$estudi per Domenico Mugnolo$fa cura di Pasquale Gallo, Maurizio Pirro e Ulrike Reeg 210 $aMilano ; Udine$cMimesis$d2015 215 $a421 p.$cill.$d21 cm 225 1 $a<>quadrifoglio tedesco$v28 610 0 $aOspitalità in letteratura 676 $a809.93355$v22 702 1$aGallo,$bPasquale 702 1$aPirro,$bMaurizio 702 1$aReeg,$bUlrike 702 1$aMugnolo,$bDomenico$f<1945- > 801 0$aIT$bUNINA$gREICAT$2UNIMARC 901 $aBK 912 $a9910231136503321 952 $a809.933 GAL 1$fFLFBC 959 $aFLFBC 996 $aRequiescere noctem$91503520 997 $aUNINA LEADER 01103nam a2200277 i 4500 001 991003158339707536 005 20020503184224.0 008 000505s1968 it ||| | ita 035 $ab10466393-39ule_inst 035 $aEXGIL116089$9ExL 040 $aBiblioteca Interfacoltà$bita 082 0 $a891.7 100 1 $aBulgakov, Mihail Afanasevic$0222457 245 12$aL'isola rossa :$bprova generale della Commedia del cittadino Jules Verne nel teatro di Gennadij Panfilovic, con musica, un vulcano in eruzione e marinai inglesi, in quattro atti, un prologo e un epilogo /$cMichail Bulgakov 260 $aMilano :$bSugar,$c1968 300 $a249 p. ;$c20 cm 440 2$aI giorni ;$v24 500 $aTrad. S. Molinari 500 $aTit. orig.: Bagrovyi ostrov 700 1 $aMolinari, Sergio 907 $a.b10466393$b02-04-14$c27-06-02 912 $a991003158339707536 945 $aLE002 Lett. I B 30$g1$i2002000503497$lle002$o-$pE0.00$q-$rl$s- $t0$u0$v0$w0$x0$y.i10539426$z27-06-02 996 $aIsola rossa$9222356 997 $aUNISALENTO 998 $ale002$b01-01-00$cm$da $e-$fita$git $h2$i1